000 00478nam a2200181Ia 4500
001 3714
005 20260306145703.0
008 260306t2016||||xx |||||||||||||| ||spa||
041 _aESP
082 _a302.072
_bC94
100 _aCubo Delgado, Sixto
_eAUT
245 0 _aMétodos de investigación y análisis de datos en ciencias sociales y de la salud
260 _c2016
300 _a506 páginas :
_c24 cm.
650 _aGEN
654 _aCPS
942 _cLIB
_dJUS
_fJUS
_2ddc
_n
999 _c3714
_d3714